000
00303nam a22001337a 4500
008
170527b xxu||||| |||| 00| 0 eng d
020
_a
30635
041
_a
eng
080
_a
621.3
100
_a
25
101
_a
IM
245
_a
MODERN CONTROL PRINCIPLES AND APPLICATIONS
_c
HSU, J.C
942
_2
udc
_c
BK
999
_c
14638
_d
14638